00415pab a2200157 454500008004000000100001600040245007000056260000900126300001300135362000800148650003400156650001900190700001700209700001500226773001600241180718b2004 xxu||||| |||| 00| 0 eng d aSingh, P.B. aSolar photovoltaic water pumping system for drinking water supply c2004 ap.17-21. aNov aDrinking water - Case studies aDrinking water aRehman, I.H. aPrasad, R. aKurukshetra